000 00303nam a22001337a 4500
020 _a0-7214-1919-4
082 _a823
_bMOR/D
100 _aMORTON,CHRISTINE
245 _aDON'T WORRY WILLIAM
260 _aUK
_bLADYBIRD
520 _aENGLISH SHORT STORY
650 _aENGLISH SHORT STORY
_zUK
942 _cBK
999 _c4885
_d4885